000 00512nam a22001937a 4500
003 UA-OsUOA
001 44763
007 ta
008 20110216b un ||||| |||| 00| 0 ukr d
090 _a94(477).152 (K)
942 _cBR
040 _aUA-OsUOA
_beng
_cUA-OsUOA
_dUA-OsUOA
245 _aCanadians of Ukrainian Origin. Reflections on the formative years
955 _a4
041 _aeng
080 _a94(477).152 (K)
650 7 _a9 Географія. Біографії. Історія
_2UDC
999 _c424864
_d424864